000 00697nam a2200193 i 4500
001 73778
003 ES-MaACL
005 20230906171924.0
007 t|
008 040909s1962 sp ||||1| spa d
100 0 _aGómez-Tabanera, José Manuel,
_d1926-2011
_958165
245 1 3 _aLa significación religiosa de la "Cypraea" en la España primitiva /
_cJosé Manuel Gómez-Tabanera.
260 _aBarcelona :
_b[s.n.,
_c1962]
300 _a3 h. ;
_c24 cm.
500 _aEs Separata del: VII Congreso Nacional de Arqueología, Barcelona, 1961.
711 2 _aCongreso Nacional de Arqueología (
_n7º.
_d1961.
_cBarcelona)
_9518
852 _aES-MaACL
_j2042-F-16
_bR.56059
999 _c73778
_d73778